| 000 | 00000nas 2200000za 4500 |
| 001 | 9.503179 |
| 003 | CaOODSP |
| 005 | 20231005110439 |
| 007 | cr ||||||||||| |
| 008 | 150406d20002000xxc|| p o||||f| |0fre|d |
| 040 | |aCaOODSP|bfre |
| 043 | |an-cn--- |
| 086 | 1 |aRv1-13F-PDF |
| 110 | 1 |aCanada. |bAgence des douanes et du revenu du Canada, |eauteur, |eorganisme de publication. |
| 245 | 10|aNos programmes et services / |cAgence des douanes et du revenu du Canada. |
| 264 | 1|aOttawa, Ontario : |bAgence des douanes et du revenu du Canada |
| 310 | |aAnnuel |
| 362 | 1 |aParaît depuis et ne paraît plus après 2000. |
| 775 | 08|tCanada Customs and Revenue Agency - our programs and services |w(CaOODSP)9.506784 |